|
|
|
|
| LEADER |
01234nam a2200241 a 4500 |
| 001 |
GR-MES10261 |
| 008 |
060626s gr b 001 0 gre d |
| 020 |
|
|
|a 0471463698
|
| 040 |
|
|
|a GrPaTEI
|b gre
|c GR-PaULI
|
| 040 |
|
|
|a GrPaTEI
|b gre
|c GR-PaULI
|
| 100 |
1 |
|
|a Verma, Dinesh C.
|
| 245 |
1 |
0 |
|a Legitimate applications of peer-to-peer networks /
|c Dinesh C. Verma.
|
| 260 |
|
|
|a Hoboken N.J :
|b Wiley-Intercience,
|c c2004
|
| 300 |
|
|
|a xv ,164σ. ;
|c 25εκ.
|
| 504 |
|
|
|a Περιλαμβάνει βιβλιογραφικές παραπομπές (σ. 157-160) και ευρετήριο
|
| 650 |
|
0 |
|a Application software
|x Development
|
| 650 |
|
0 |
|a Electronic data processing
|x Distributed processing
|
| 650 |
|
0 |
|a Peer-to-peer architecture ( computer networks)
|
| 942 |
|
|
|2 ddc
|
| 952 |
|
|
|0 0
|1 0
|2 ddc
|4 0
|6 004_650000000000000_VER
|7 0
|9 269808
|a MSLG
|b MSLG
|c BSC
|d 2021-01-17
|e 24
|f 0
|g 0.00
|l 0
|o 004.65 VER
|p 2420000020518
|r 2021-01-17 00:00:00
|t 1
|w 2021-01-17
|y BK15
|x 20060626 0 1
|x GrPaTEI
|
| 952 |
|
|
|0 0
|1 0
|2 ddc
|4 0
|6 004_650000000000000_VER
|7 0
|9 269809
|a MSLG
|b MSLG
|c BSC
|d 2021-01-17
|e 24
|f 0
|g 0.00
|l 0
|o 004.65 VER
|p 2420000020519
|r 2021-01-17 00:00:00
|t 1
|w 2021-01-17
|y BK15
|x 20060626 0 1
|x GrPaTEI
|
| 971 |
|
|
|a .b25763088
|b 15-04-20
|c 13-09-16
|
| 999 |
|
|
|c 155746
|d 155746
|